00853 a2200169 45000010006000000050017000060080041000230030015000640400040000790800066001192450022001852640055002073000019002625050356002811000021006377000025006584863420260407155751.0260407a1963 arg spa dAR-UNSa-BCEJYS aAR-UNSa-BCEJYSbspacAR-UNSa-BCEJYS a336.226xTipos de impuestos. Impuestos directos e indirectos 10aImpuesto al gasto 1aBuenos Aires :bFondo de Cultura Económicac1963 a250 p.c21 cm. a1. Ingreso, gasto y capacidad gravable - 2. Impuestos y ahorros - 3. Los impuestos y la disposición de asumir riesgos - 4. Los impuestos y el incentivo al trabajo - 5. Impuestos a las compañías - 6. Los impuestos y el progreso económico - 7. ¿Es factible un impuesto al gasto personal? - 8. Propuesta para una reforma al impuesto adicional - 1 aKaldor, Nicholas1 aPimentel, Rubén C.